00475nam a22001217a 4500003000400000082001700004100003100021245023300052260003500285300000800320650001700328653000800345SGT a616.01bC22D aDevi, Leimapokpam Sumitra  aCommunity Acquired Infections With Extended -spectrum b- lactamases ( ESBLs) producing Escherichia coli and Klebsialla pneumoniae in patients attnding a Hospital in Rural Area Analysis Of Risk Factors and Molecular Epidemiology aGURUGRAMbSGT UNIVERSITYc2022 a170 aMICROBIOLOGY aPHD